| 000 | 00583nam a22001817a 4500 | ||
|---|---|---|---|
| 999 |
_c174364 _d174364 |
||
| 005 | 20200610142850.0 | ||
| 010 | _aENG-128182 | ||
| 020 |
_c300.00 _a9789353227685 |
||
| 035 | _aEN-111714 | ||
| 037 | _bDBAD/PUB | ||
| 082 | _a881 | ||
| 100 | _aRamesh Pokhriyal | ||
| 245 |
_aThe Darkness is Vanishing _cby Ramesh Pokhriyal ;translated by Chetana Pokhriyal |
||
| 260 |
_aNew Delhi _bPrabhat Prakashan _c2020 |
||
| 270 |
_a4/19 Asaf Ali Road _bNew Delhi _e110002 _k91-11-23289777 _mprabhatbooks@gmail.com |
||
| 300 |
_a151p. _c22cm(hb) |
||
| 942 |
_2ddc _cEN _h881 _mRAM |
||